Italian Desserts - Sudden Death - Statistics

General Stats
  • This quiz has been taken 102 times
  • The average score is 7 of 18
Answers on the Grid
Answers color-coded by a green-red scale on the quiz's grid according to % correct below.
Baicoli
Fiadone
Granita
Eierschecke
Palacinta
Chajá
Rasmalai
Pandolce
Panettone
Poolaki
Veneziana
Zeppole
Tiramisù
Seada
Lakhamari
Bizcochito
Sabadone
Silvana
Quaresimali
Miguelitos
Pistiddu
Galaktoboureko
Krumiri
Fánk
Genovese
Flantze
Youtiao
Monaka
Cubeletto
Bombolone
 
Answer Stats
Answer % Correct
Tiramisù
88%
Panettone
73%
Bombolone
56%
Granita
56%
Zeppole
54%
Genovese
51%
Pandolce
51%
Baicoli
49%
Veneziana
45%
Fiadone
44%
Cubeletto
36%
Sabadone
32%
Palacinta
27%
Quaresimali
24%
Pistiddu
22%
Krumiri
13%
Seada
13%
Flantze
9%
No matching quizzes found
Score Distribution
Percent of People with Each Score
Percentile by Number Answered
Your Score History
You have not taken this quiz